• 首页
  • 本馆介绍
  • 公告通知
  • 最新文献
  • 馆藏检索
  • 电子资源
  • 读者导购
  • 参考咨询
  • 我的图书馆
  • 登录
  • 详细信息显示
  • 放入我的书架
  • 预约/预借图书
  • 作者相关作品
  • 分类相关作品
  • 丛书相关作品
  • 出版社相关作品

书目信息

  • 表格格式
  • 工作单格式
  • 卡片格式
题名:
学校道德教育的本土演进
    
 
作者: 栗蕊蕊 著
分册:  
出版信息: 北京   中国经济出版社  2014
页数: 319页
开本: 24cm
丛书名:
单 册:
中图分类: G416
科图分类:
主题词: 学校教育--品德教育--公民教育--研究
电子资源:
ISBN: 978-7-5136-3469-4
000 01059nam0 2200241 450
001 339308
005 20150608091514.53
010    @a978-7-5136-3469-4@dCNY49.00
100    @a20141023d2014 em y0chiy50 ea
101 0  @achi
102    @aCN@b110000
105    @ay z 001yy
106    @ar
200 1  @a学校道德教育的本土演进@Axue xiao dao de jiao yu de ben tu yan jin@d= Local evolution of primary and secondary schools' moral education@e以公民教育为核心@ecentered on citizenship education@f栗蕊蕊著@zeng
210    @a北京@c中国经济出版社@d2014
215    @a319页@d24cm
330    @a本书共分5章, 内容包括中西交汇中公民教育思想的萌生、本土语境下公民教育的自主生长、生成与变迁: 中小学公民教育的课程分析、价值的表达与呈现: 中小学公民教育的教科书分析等。
510 1  @aLocal evolution of primary and secondary schools' moral education@ecentered on citizenship education@zeng
606 0  @a学校教育@x品德教育@x公民教育@x研究
690    @aG416@v5
701  0 @a栗蕊蕊@Ali rui rui@c(女, @f1982)@4著
801  0 @aCN@b卓展宏图@c20150525
905    @dG416@e46@f4
    
    学校道德教育的本土演进= Local evolution of primary and secondary schools' moral education:以公民教育为核心:centered on citizenship education/栗蕊蕊著.-北京:中国经济出版社,2014
    319页;24cm
    
    
    ISBN 978-7-5136-3469-4:CNY49.00
    本书共分5章, 内容包括中西交汇中公民教育思想的萌生、本土语境下公民教育的自主生长、生成与变迁: 中小学公民教育的课程分析、价值的表达与呈现: 中小学公民教育的教科书分析等。
●
相关链接 在E读中查询图书 在五车中查询图书 在当当中查询图书 在豆瓣中查询图书


正题名:学校道德教育的本土演进     索取号:G416/46         预约/预借

序号 登录号 条形码 馆藏地/架位号 状态 备注
1 857689   208576897   第一样本阅览室/ [索取号:G416/46] 在馆    
2 857690   208576904   教育系资料室/ [索取号:G416/46] 在馆    
3 857691   208576913   第四借阅区/ [索取号:G416/46] 在馆    
4 857692   208576922   第四借阅区/ [索取号:G416/46] 在馆    
唐山师范学院图书馆 欢迎您!
大连网信软件有限公司© 版权所有